000 00286nam a2200109Ia 4500
008 200302s9999 xx 000 0 und d
100 _aSteve Bowkett
245 _aArchi doodle city/and architects activity book
260 _bLaurence King Publishing Ltd.,
260 _c2017
300 _a80
999 _c7304
_d7304